Statistiken für Geschichte nach Buchstabe - J

Klicken Sie hier um das Quiz zu spielen!

Allgemein

  • Dieses Quiz wurde 1,120 mal gespielt
  • Das Durchschnittsergebnis liegt bei 11 aus 18

Antwortstatistiken

Hinweis Antwort % Korrekt
Christlicher MessiasJesus Christus
98%
Land, das Pearl Harbor attackierteJapan
98%
Unidentifizierter Serienkiller des
viktorianischen Londons
Jack the Ripper
91%
Stadt, welche die Kreuzfahrer 1099 erobertenJerusalem
77%
Geologische Zeit nach der TriasJura
76%
Bauernmädchen, das zur französischen
militärischen Anführerin wurde
Jeanne d'Arc
74%
Wertvoller Stein, der gebraucht wurde um
Gräber der chinesischen Kaiser zu machen
Jade
68%
Polnischer Papst, 1978 gewähltJohannes Paul II.
68%
In Europa gebräuchlicher Kalender zwischen
45 v.Chr. und 1582 n.Chr.
Julianischer
Kalender
63%
Verfasser der amerikanischen
Unabhängigkeitserklärung
Thomas Jefferson
61%
Javanesische Stadt, wurde früher
Batavia genannt
Jakarta
60%
Stadt auf der Krim,
Ort einer Konferenz des Zweiten Weltkrieges
Jalta
54%
US-Präsident, der eine "Great Society" wollteLyndon B.
Johnson
39%
König, der 1604 eine Bibel in Auftrag gabKönig James I.
38%
Napoleons EhefrauJosephine
36%
Römisches Klientelkönigtum,
das von Herodes geführt wurde
Judäa
27%
Byzantinischer Kaiser,
der Italien zurückeroberte
Justinian
23%
Ragtime-Komponist von "The Entertainer"Scott Joplin
17%

Verteilung der Resultate

Perzentil nach korrekt beantworteten Fragen

Anzahl Personen mit jedem Resultat

Ihre Resultats-Entwicklung

Sie haben dieses Quiz noch nicht gespielt